| 000 | 01728nam a2200373 a 4500 | ||
|---|---|---|---|
| 001 | 000012799 | ||
| 003 | DO-SdBNP | ||
| 005 | 20180312131902.0 | ||
| 007 | 000012799 | ||
| 008 | 091117s2005 dr a 000 0 spa d | ||
| 020 | _a9945111124 | ||
| 040 |
_aBPMSU _bspa _cBPMSU |
||
| 092 |
_a373.84 _bR696r 1ro. 2005 |
||
| 100 | 1 | _aRodríguez, Federico | |
| 245 | 1 | 0 |
_aReligión 1 : _beducación media / _cFederico Rodríguez ; dirección editorial Obdulia García de Escobar ; ilustración Ruddy Núñez. |
| 260 |
_aSanto Domingo : _bSantillana, _c2005. |
||
| 300 |
_a112 p. : _bil., mapas, retrs, ; _c28 cm. |
||
| 490 | 1 | _aÁmbar | |
| 501 | _aPrimer bachillerato/1er. curso/primer ciclo | ||
| 505 |
_gv. 1 : _tVías par llegar a Dios -- _tReligión, sociedad y cultura -- _tHistoria de la religiones -- _tLas religiones orientales -- _tEl Islam -- _tLa revelación de Dios -- _tGeografía de Israel -- _tHistoria de Israel (l) -- _tGeografía de Israel (II) -- _t El judaísmo – _tLa revelación de Dios en los Evangelios -- _tLa fe, respuesta a la revelación -- _tLa fe en Jesucristo resucitado -- _tEl misterio de la Trinidad -- _tEl cristianismo -- |
||
| 650 |
_aRELIGIÓN _xENSEÑANZA SECUNDARIA |
||
| 650 | 4 |
_aRELIGIÓN _xEDUCACIÓN SEGUNDARIA |
|
| 650 | 4 |
_aEDUCACIÓN SECUNDARIA _2REPÚBLICA DOMINICANA |
|
| 650 | 4 |
_aRELIGIÓN _xLIBROS DE TEXTOS |
|
| 650 | 4 |
_aRELIGIÓN _xESTUDIOS Y EJERCICIOS |
|
| 700 | 1 | 2 |
_aGarcía de Escobar, Obdulia, _eed. |
| 700 | 1 | 2 |
_aNúñez, Ruddy, _eil. |
| 830 | 0 | _aÁmbar | |
| 910 | _aValidado. Control de calidad MFF | ||
| 942 |
_2ddc _cBK |
||
| 945 | _aRemanejado para la BNPHU | ||
| 956 |
_aVMATEO _b10 _c20150721 _lBPMSU _h00151 |
||
| 956 |
_aLOPEREZ _b10 _c2016 _lBPMSU _h0041 |
||
| 999 |
_c8008 _d8008 |
||